LEADER 00461naa a2200133 i 4500 001 000000322577 003 CaOOAMICUS 005 20180831173408.0 008 180831n it u000 u ita u 013 $a32893 040 $aSeMil$bita 245 14$aUna crisi spirituale. 773 0 $tEmergenza antropologica.$dMilano : Guerini e Associati, 2012.$kSguardi sul mondo attuale$z978-88-6250-352-5$gp.75-82$w()228303 996 $6245$aUna crisi spirituale$9(OLS)http://semarc/title/396069 LEADER 00547naa a2200145 i 4500 001 000000319683 003 CaOOAMICUS 005 20180831173312.0 008 180831n it u000 u ita u 013 $a29473 040 $aSeMil$bita 245 13$aUn po' di storia dell'oratorio feriale per le vacanze estive. 650 4$aOratorio - Oratorio feriale.$0(OLS)http://semarc/subject/42985 773 0 $t5.$gp.180-215$w()106157 996 $6245$aUn po' di storia dell'oratorio feriale per le vacanze estive$9(OLS)http://semarc/title/393430 LEADER 01958nam a2200325 i 4500 001 000000034408 003 CaOOAMICUS 005 20070614000000.0 008 070614s1987 it u000 u ita u 013 $a826 040 $aSeMil$bita 245 10$aAttualitą della Storia della Colonna Infame :$bAtti Congresso Manzoniano 15-16 giugno 1985, Boario Terme. 260 $a[S.l. :$bs.n.],$cstampa 1987$e(Ternate (Varese) :$fEdigraf,$gstampa 1987) 300 $a131 p., [1] p. di tav. ;$c21 cm. 500 $aContiene : Appendice agli «Atti». - Ai pič del front : Azienda autonoma di cura e soggiorno Comune di Darfo e Boario Terme Centro Nazionale Studi Manzoniani. 600 14$aManzoni, Alessandro <1785-1873>.$0(OLS)http://semarc/subject/1531 650 4$aLetteratura italiana.$0(OLS)http://semarc/subject/399 774 0 $aMartinazzoli, Mino <1931-2011>$t?Colonna Infame» tra la pietą e l'ironia.$w()300126 774 0 $aParedi, Angelo <1908-1997>$tDi alcuni recenti untori della «Colonna Infame».$w()300127 774 0 $aBąrberi Squarotti, Giorgio <1929-2017>$tMale nella storia.$w()300128 774 0 $aLopez, Guido <1924-2010>$tQuante Colonne Infami?.$w()300129 774 0 $aVigorelli, Giancarlo <1913-2005>$t?Colonna Infame» in primo piano ; Martinazzoli e la «provocazi o Manzoniano, ... Azzate.$w()300130 774 0 $aGrechi, Gian Franco <1932-2000>$t?Colonna Infame» oggi.$w()300131 774 0 $aPautasso, Sergio <1933-2006>$tGiovita Scalvini, lettore di Manzoni.$w()300132 774 0 $aGibellini, Pietro <1945- >$tFilo bresciano per Manzoni.$w()300133 850 $aSeMil 852 $aSeMil$W1$xVenegono$y1$m1D VI 67$j563$B563$CSeMilBibl$Z2$F563 $81 961 $aOmaggio: Donazione 996 $6245$aAttualitą della Storia della Colonna Infame :$bAtti Congresso Manzoniano 15-16 giugno 1985, Boario Terme$9(OLS)http://semarc/title/46537 996 $6260$a[S.l. :$bs.n.]$9(OLS)http://semarc/publisher/29751